Score 0/36 Timer 05:00
5 Plays Today
Category Answer % Correct
Flag ColorRed
94.3%
Flag ColorWhite
93.9%
Flag ColorBlue
93.9%
First President of TexasSam Houston
93.4%
Largest CityHouston
93.3%
Third Largest CityDallas
93%
CapitalAustin
92.5%
Bordering CountryMexico
91.3%
Six Flags over TexasMexico
91.3%
Bordering StateNew Mexico
91%
Bordering StateOklahoma
89.4%
Bordering StateLouisiana
87.8%
Six Flags over TexasRepublic of Texas
87.7%
Second Largest CitySan Antonio
85.1%
NFL Team (name one)Cowboys/Texans
83.2%
Bordering StateArkansas
82.2%
Time Zone(s)Central/Mountain
77.9%
State NicknameLone Star State
77.7%
Category Answer % Correct
MLB Team (name one)Rangers/Astros
77.5%
NBA Team (name one)Spurs/Mavericks/Rockets
75.7%
Major Landmark in San AntonioThe Alamo
75.4%
DemonymTexan
70.8%
Six Flags over TexasUnited States of America
66%
State PoliceTexas Ranger Division
64.7%
Longest RiverRio Grande
63.5%
# State to Enter Union28th
62.7%
NHL TeamDallas Stars
60.8%
Six Flags over TexasSpain
55.2%
Six Flags over TexasFrance
53%
Number of Representatives36
52.2%
Official NameState of Texas
48%
US SenatorTed Cruz
45.2%
Six Flags over TexasConfederate States of America
41.6%
GovernorGreg Abbott
29.6%
US SenatorJohn Cornyn
19.8%
Largest LakeSam Rayburn Reservoir
12.5%

You're not logged in!

Compare scores with friends on all Sporcle quizzes.
OR
Log In

Sporcle TV

Today on Sporcle TV


Watch our educational content, quiz creation guides, and fun videos on Sporcle TV.

Show Comments

Extras

Top Quizzes Today


Score Distribution

Your Account Isn't Verified!

In order to create a playlist on Sporcle, you need to verify the email address you used during registration. Go to your Sporcle Settings to finish the process.

Report this User

Report this user for behavior that violates our Community Guidelines.

Details: